000 00282nam a22001217a 4500
008 181017b xxu||||| |||| 00| 0 eng d
041 _aeng
080 _a510
100 _a37
101 _aMat
245 _aA survey Of Mathematics With Aoolications
_cAngel.A
942 _2udc
_cBK
999 _c50007
_d50007